Normal view
MARC view
- رمضان ، سيد محمود
Entry Personal Name
001 - CONTROL NUMBER
- control field: 31240
003 - CONTROL NUMBER IDENTIFIER
- control field: JO-AjAnu
005 - DATE AND TIME OF LATEST TRANSACTION
- control field: 20230606075249.0
008 - FIXED-LENGTH DATA ELEMENTS
- fixed length control field: 230606|| aca||aabn | a|a d
040 ## - CATALOGING SOURCE
- Original cataloging agency: JO-AjAnu
- Transcribing agency: JO-AjAnu
100 ## - HEADING--PERSONAL NAME
- Personal name: رمضان ، سيد محمود
670 ## - SOURCE DATA FOUND
- Source citation: Work cat.: (JO-AjAnu)16042: رمضان ، سيد محمود , author, الوسيط في شرح قانون العمل وقانون الضمان الاجتماعي " دراسة مقارنة " مع التطبيقات القضائية لمحكمتي التمييز والنقض